LEADER 01396nam a2200301 i 4500 001 000000158522 003 CaOOAMICUS 005 20070208000000.0 008 070208s2006 it u000 u ita u 013 $a135885 020 $a88-343-1325-9 040 $aSeMil$bita 100 1 $aBompiani, Adriano <1923-2013>.$0(OLS)http://semarc/name/16890 245 13$aLe tecniche di fecondazione assistita :$buna rassegna critica /$cAdriano Bompiani. 260 $aMilano :$bVita e Pensiero,$c2006. 300 $a301 p., XXXII p. di tav. :$bill. ;$c22 cm. 490 0 $aV&P Universitā. Bioetica e medicina. Ricerche ;$v. 500 $aContiene : Glossario e approfondimenti. - Dono del Card. Dionigi Tettamanzi. 650 4$aBioetica.$0(OLS)http://semarc/subject/2998 650 4$aFecondazione artificiale - Aspetti etico-giuridici.$0(OLS)http://semarc/subject/16997 830 0$aUniversitā. Bioetica e medicina. Ricerche ;$v.$0(OLS)http://semarc/title/15314 850 $aSeMil 852 $aSeMil$W1$xVenegono$y1$m2E III 344$j110173$B110173$CSeMilBibl$Z2$F120203 $81 941 1 $a5 961 $aOmaggio: Tettamanzi Card. Dionigi 996 $6020$a88-343-1325-9$9(OLS)http://semarc/number/73983 996 $6245$aLe tecniche di fecondazione assistita :$buna rassegna critica$9(OLS)http://semarc/title/140069 996 $6260$aMilano :$bVita e Pensiero$9(OLS)http://semarc/publisher/29642 LEADER 00495nab a2200145 i 4500 001 000000265485 003 CaOOAMICUS 005 20180831164718.0 008 180831n xx uu u0 0und r 013 $a8561 040 $aSeMil$bita 245 10$a[vedi periodico]. 773 0 $t[2006 : 3].$d[S.l. : s.n.], 2006$w()156593 774 0 $tBibliografía en lengua espaņola de la Beata Isabel de la Trinidad, Carmelita Descalza (1880-1906).$w()305198 996 $6245$a[vedi periodico]$9(OLS)http://semarc/title/309439